000 00655cam a22002293a 4500
001 19512
003 PGUSA
005 20140828083420.0
008 061009s2006||||xxu|||||s|||||000 1 eng d
040 _aPGUSA
_beng
042 _adc
050 4 _aPS
100 1 _aFleming, May Agnes,
_d1840-1880
245 1 0 _aKate Danton, or, Captain Danton's Daughters :
_bA Novel
_h[electronic resource] /
_cMay Agnes Fleming
260 _bProject Gutenberg,
_c2006
506 _aPublic domain in the USA.
516 _aElectronic text
653 _aFiction
830 0 _aProject Gutenberg
_v19512
856 4 0 _uhttp://www.gutenberg.org/ebooks/19512
942 _cEB
999 _c248767
_d248767